| LEADER |
01011nam0a2200193 450 |
| 001 |
16848053 |
| 010 |
|
|
|a 979-10-285-2582-8
|b br.
|d 18
|
| 100 |
|
|
|a 20220804d2022 u u0frey01 ba
|
| 101 |
0 |
|
|a fre
|
| 102 |
|
|
|a FR
|
| 200 |
0 |
|
|a Mon programme ménopause minceur
|f Raphaël Gruman, Laureline Couté
|
| 207 |
|
1 |
|a
|
| 215 |
|
|
|a 251
|c illustrations en couleur
|d 21 x 15 cm
|
| 330 |
|
|
|a Un guide pour accompagner les femmes après 50 ans dans leur pratique du sport et leur rapport à l'alimentation. Dix programmes santé et minceur sont proposés en fonction de troubles liés à la ménopause comme l'anxiété, la dépression, l'ostéoporose, les problèmes de thyroïde ou de digestion. Pour chacun sont conseillés des aliments, des activités physiques, des recettes, etc.
|
| 700 |
|
0 |
|a Gruman
|b Raphaël
|4 70
|
| 701 |
|
0 |
|a Couté
|b Laureline
|4 70
|
| 900 |
|
|
|a Documentaire
|
| 901 |
|
|
|a Accessible au prêt
|
| 995 |
|
|
|a Bibliothèque
|c Bibliothèque
|f 00156012318747
|h 00156012318747
|k 613.2 GRU
|o p
|q a
|r az
|e Bibliothèque
|